| 000 | 00389nam a22001457a 4500 | ||
|---|---|---|---|
| 005 | 20200610095017.0 | ||
| 008 | 200610b xxu||||| |||| 00| 0 eng d | ||
| 082 | _a345.4 AIR | ||
| 110 |
_aALL INDIA REPORTER _95887 |
||
| 245 | _aALL INDIA REPORTER, 2010 (VOL-97) PUNJAB - HARYANA SECTION | ||
| 260 |
_aMUMBAI. _bALL INDIA REPORTER |
||
| 300 | _a64;p | ||
| 650 |
_aLAW _95701 |
||
| 942 | _cJRL | ||
| 999 |
_c6949 _d6947 |
||